| 000 | 00424nam a22001697a 4500 | ||
|---|---|---|---|
| 003 | MACL | ||
| 005 | 20160729140108.0 | ||
| 008 | 160729b xxu||||| |||| 00| 0 eng d | ||
| 040 | _cMACL | ||
| 041 | _aEnglish | ||
| 082 | _a080 JAI | ||
| 100 |
_aJain, Anupriya _965681 |
||
| 245 |
_aAs You See It ! _cAnupriya Jain |
||
| 260 |
_aNew Delhi _bKalpana Prakashan _c2010 |
||
| 650 |
_aMotivatation _932729 |
||
| 942 |
_2ddc _cBK |
||
| 999 |
_c55268 _d55268 |
||